| 000 | 01020cam a22002775a 4500 | ||
|---|---|---|---|
| 001 | 15666006 | ||
| 005 | 20160721150044.0 | ||
| 008 | 090319s2010 cau frb 001 0 eng d | ||
| 020 | _a9781847870872 (pbk.) | ||
| 020 | _a1847870872 (pbk.) | ||
| 040 |
_aUKM _cUKM _dBTCTA _dYDXCP _dBWKUK _dBWX _dCDX _dDLC _dEG-ScBUE _beng |
||
| 082 | 0 | 4 |
_a345 _222 _bCRO |
| 100 | 1 |
_aCross, Noel. _940401 |
|
| 245 | 1 | 0 |
_aCriminal law & criminal justice : _ban introduction / _cNoel Cross. |
| 246 | 3 | _aCriminal law and criminal justice | |
| 250 | _a1st ed. | ||
| 260 |
_aLos Angeles : _bSAGE, _c2010. |
||
| 300 |
_avi, 230 p. ; _c25 cm. |
||
| 500 | _aIndex : p. [219]-230. | ||
| 504 | _aBibliography : p. [205]-218. | ||
| 505 | 0 | _aIntroduction -- Actus reus -- Mens rea -- General defences in the criminal law -- Alternative forms of criminal history -- Non-fatal assaults -- Sexual offences -- Homicide -- Property offences. | |
| 650 | 7 |
_aCriminal law. _2BUEsh _940402 |
|
| 651 | _2BUEsh | ||
| 653 |
_bLLAAWW _cJuly2016 |
||
| 942 | _2ddc | ||
| 999 |
_c22006 _d21978 |
||